Loading...

Advances in Biofeedstocks and Biofuels:Volume I:Biodfeedstocks and their processing/

Bibliographic Details
Main Author: SINGH,Lalit Kumar
Other Authors: Gaurav Chaudhary (Ed.)
Language:English
Published: Wiley 2016
LEADER 00558 a2200157 4500
008 190919b xxu||||| |||| 00| 0 eng d
999 |c 189083  |d 189083 
020 |a 9781119117254 
084 |2 cc  |a F55:(G) 
100 |a SINGH,Lalit Kumar 
245 |a Advances in Biofeedstocks and Biofuels:Volume I:Biodfeedstocks and their processing/ 
260 |b Wiley  |c 2016 
300 |b VII+178p. 
700 |a Gaurav Chaudhary,  |e Ed. 
942 |c GEN 
952 |0 0  |1 0  |4 0  |6 F_55G_Q6  |7 0  |9 329199  |a LIB  |b LIB  |d 2018-12-27  |e 2  |g 12056.46  |l 1  |o F55:(G) Q6  |p 309373  |r 2019-10-01  |s 2019-09-26  |v 14703.00  |y GEN